[Event "HUN-chT2 Barcza 1314"]
[Site "Hungary"]
[Date "2014.02.02"]
[Round "6"]
[White "Petro, Janos"]
[Black "Runda, Mate Bence"]
[Result "0-1"]
[WhiteElo "2079"]
[BlackElo "1902"]
[PlyCount "84"]
[EventDate "2013.09.08"]
[EventType "team-tourn"]
[EventRounds "11"]
[EventCountry "HUN"]
[SourceTitle "EXT 2016"]
[Source "ChessBase"]
[SourceDate "2015.10.08"]
[SourceVersion "1"]
[SourceVersionDate "2015.10.08"]
[SourceQuality "1"]
[WhiteTeam "Sajobabony"]
[BlackTeam "Miskolc EMSE"]
[WhiteTeamCountry "HUN"]
[BlackTeamCountry "HUN"]

1. d3 d5 2. Nf3 c5 3. g3 Nc6 4. Bg2 e5 5. 0-0 h6 6. Nbd2 Nf6 7. c4 d4 8. b4 cxb4 9. a3 Qc7 10. Qa4 Bd7 11. Rb1 Na5 12. Qc2 bxa3 13. e3 dxe3 14. fxe3 Rc8 15. Nb3 Ba4 16. Qc3 Nxb3 17. Rxb3 Bxb3 18. Nxe5 Ba4 19. Bxa3 Bxa3 20. Qxa3 Bc6 21. d4 Bxg2 22. Kxg2 b5 23. cxb5 Qe7 24. Qd3 Qb7+ 25. Nc6 Rxc6 26. bxc6 Qxc6+ 27. Kg1 0-0 28. Rf5 Qe4 29. Qxe4 Nxe4 30. Re5 Nd2 31. Re7 Ra8 32. d5 Kf8 33. Rc7 Ne4 34. Kg2 a5 35. Kf3 Nd6 36. Kf4 f6 37. Rc6 Ke7 38. Rc7+ Kd8 39. Rxg7 a4 40. Rg6 Ne8 41. Kf5 a3 42. Rxh6 a2 0-1

[Event "HUN-chT2 Barcza 0910"]
[Site "Hungary"]
[Date "2010.02.14"]
[Round "6.2"]
[White "Petro, Janos"]
[Black "Korsos, Imre"]
[Result "0-1"]
[WhiteElo "2116"]
[BlackElo "2119"]
[PlyCount "78"]
[EventDate "2009.11.08"]
[EventType "team-tourn"]
[EventRounds "11"]
[EventCountry "HUN"]
[SourceTitle "EXT 2011"]
[Source "ChessBase"]
[SourceDate "2010.11.26"]
[SourceVersion "1"]
[SourceVersionDate "2010.11.26"]
[SourceQuality "1"]
[WhiteTeam "Edeleny"]
[BlackTeam "Tiszavasvar"]
[WhiteTeamCountry "HUN"]
[BlackTeamCountry "HUN"]

1. e4 e6 2. Nf3 d5 3. e5 c5 4. b4 b6 5. Be2 Nh6 6. 0-0 Nf5 7. bxc5 bxc5 8. c3 Be7 9. d4 cxd4 10. cxd4 0-0 11. g4 Nh4 12. Nxh4 Bxh4 13. Bd3 Ba6 14. f4 Be7 15. Rf3 Bxd3 16. Qxd3 f6 17. Rh3 f5 18. g5 g6 19. Nd2 Nc6 20. Nf3 Nb4 21. Qe2 Rc8 22. Bd2 Rc4 23. Bxb4 Bxb4 24. Rd1 Qc7 25. Rh6 Rf7 26. h4 Bf8 27. h5 Bxh6 28. gxh6 Rc1 29. hxg6 hxg6 30. Ng5 Re7 31. Qd2 Rxd1+ 32. Qxd1 Qc3 33. Nf3 Qe3+ 34. Kg2 Qxf4 35. h7+ Kxh7 36. Qa4 Rc7 37. Qb3 g5 38. Ng1 Qe4+ 39. Kg3 Rc2 0-1

[Event "HUN-chT2 Barcza 0910"]
[Site "Hungary"]
[Date "2009.11.08"]
[Round "1.5"]
[White "Petro, Janos"]
[Black "Adorjan, Attila"]
[Result "1-0"]
[WhiteElo "2116"]
[BlackElo "1918"]
[PlyCount "103"]
[EventDate "2009.11.08"]
[EventType "team-tourn"]
[EventRounds "11"]
[EventCountry "HUN"]
[SourceTitle "EXT 2011"]
[Source "ChessBase"]
[SourceDate "2010.11.26"]
[SourceVersion "1"]
[SourceVersionDate "2010.11.26"]
[SourceQuality "1"]
[WhiteTeam "Edeleny"]
[BlackTeam "Nyiregyhaza"]
[WhiteTeamCountry "HUN"]
[BlackTeamCountry "HUN"]

1. e4 c5 2. Nc3 Nc6 3. f4 d6 4. Nf3 g6 5. Bc4 Bg7 6. 0-0 e6 7. f5 exf5 8. d3 Nge7 9. Bg5 h6 10. Bd2 0-0 11. Qe1 Nd4 12. Nxd4 cxd4 13. Nd5 Nxd5 14. Bxd5 Qb6 15. Qg3 Kh7 16. exf5 Bxf5 17. Rxf5 gxf5 18. Qf4 Qc5 19. Qxf5+ Kh8 20. Rf1 Rae8 21. Bxh6 Bxh6 22. Qh5 Kh7 23. Rxf7+ Rxf7 24. Qxf7+ Bg7 25. Qh5+ Bh6 26. Qf5+ Kh8 27. Qf6+ Kh7 28. Qf7+ Bg7 29. Qf5+ Kh8 30. g4 Re1+ 31. Kf2 Qxc2+ 32. Kxe1 Qc1+ 33. Kf2 Qd2+ 34. Kg3 Qe3+ 35. Kg2 Be5 36. Qf8+ Kh7 37. Qe7+ Kh6 38. g5+ Qxg5+ 39. Qxg5+ Kxg5 40. Bxb7 Kf4 41. Kf2 Bf6 42. Ke2 Bd8 43. b4 Ke5 44. Kf3 Kf5 45. Bc8+ Ke5 46. Kg4 Be7 47. h4 d5 48. b5 Kf6 49. h5 Kg7 50. Be6 Kh6 51. Bxd5 Bc5 52. Bf7 1-0

[Event "HUN-chT2 Barcza 0809"]
[Site "Hungary"]
[Date "2009.01.11"]
[Round "5.3"]
[White "Barabas, Tibor"]
[Black "Petro, Janos"]
[Result "1/2-1/2"]
[WhiteElo "2090"]
[BlackElo "2103"]
[PlyCount "91"]
[EventDate "2008.10.26"]
[EventType "team-tourn"]
[EventRounds "11"]
[EventCountry "HUN"]
[SourceTitle "EXT 2010"]
[Source "ChessBase"]
[SourceDate "2010.11.25"]
[SourceVersion "1"]
[SourceVersionDate "2010.11.25"]
[SourceQuality "1"]
[WhiteTeam "Mezokovesd"]
[BlackTeam "Edeleny"]
[WhiteTeamCountry "HUN"]
[BlackTeamCountry "HUN"]

1. e4 d5 2. exd5 Nf6 3. d4 Bg4 4. Bb5+ Nbd7 5. Be2 Bxe2 6. Nxe2 Nxd5 7. c4 N5f6 8. 0-0 g6 9. Nbc3 Bg7 10. Bf4 c6 11. d5 0-0 12. dxc6 bxc6 13. Qa4 e5 14. Bg5 Qc7 15. b4 h6 16. Bxf6 Bxf6 17. Rac1 Bg5 18. Rc2 a5 19. b5 Nc5 20. Qa3 Be7 21. bxc6 Qxc6 22. Nd5 Bd6 23. Rd1 Kg7 24. f4 Ne4 25. Qf3 Bc5+ 26. Ne3 Rad8 27. Rd5 f5 28. Nc3 Qb6 29. Ncd1 Nf6 30. Rb2 Bxe3+ 31. Qxe3 Qxe3+ 32. Nxe3 Nxd5 33. Nxd5 e4 34. Rb5 Rc8 35. Ne3 Rb8 36. Rxa5 Rb1+ 37. Kf2 Rd8 38. Ra7+ Kf8 39. Nd5 Rc8 40. Ne7 e3+ 41. Kf3 Re8 42. Nxg6+ Kg8 43. Ne7+ Kf8 44. Ng6+ Kg8 45. Ne7+ Kf8 46. Ng6+ 1/2-1/2

[Event "HUN-chT2 Barcza 0809"]
[Site "Hungary"]
[Date "2008.11.30"]
[Round "3.2"]
[White "Petro, Janos"]
[Black "Karolyfalvi, Zoltan"]
[Result "1/2-1/2"]
[WhiteElo "2103"]
[BlackElo "2152"]
[PlyCount "25"]
[EventDate "2008.10.26"]
[EventType "team-tourn"]
[EventRounds "11"]
[EventCountry "HUN"]
[SourceTitle "EXT 2010"]
[Source "ChessBase"]
[SourceDate "2010.11.25"]
[SourceVersion "1"]
[SourceVersionDate "2010.11.25"]
[SourceQuality "1"]
[WhiteTeam "Edeleny"]
[BlackTeam "Kazincbarcika II"]
[WhiteTeamCountry "HUN"]
[BlackTeamCountry "HUN"]

1. e4 c6 2. c4 g6 3. Nc3 d6 4. f4 Bg7 5. Nf3 Nf6 6. d4 0-0 7. e5 Ne8 8. Be2 d5 9. 0-0 Nc7 10. Kh1 dxc4 11. Bxc4 b5 12. Bd3 Bg4 13. Be4 1/2-1/2

[Event "HUN-chT2 Barcza 0708"]
[Site "Hungary"]
[Date "2008.04.27"]
[Round "10"]
[White "Petro, Janos"]
[Black "Runda, Mate Bence"]
[Result "1-0"]
[WhiteElo "2068"]
[BlackElo "1624"]
[PlyCount "41"]
[EventDate "2007.10.14"]
[EventType "team"]
[EventRounds "11"]
[EventCountry "HUN"]
[SourceTitle "EXT 2009"]
[Source "ChessBase"]
[SourceDate "2008.11.26"]
[SourceVersion "1"]
[SourceVersionDate "2008.11.26"]
[SourceQuality "1"]
[WhiteTeam "Edeleny"]
[BlackTeam "Miskolc II"]
[WhiteTeamCountry "HUN"]
[BlackTeamCountry "HUN"]

1. e4 e6 2. Nf3 d5 3. e5 c5 4. b4 c4 5. c3 a5 6. b5 a4 7. d3 cxd3 8. Bxd3 Qc7 9. 0-0 Bc5 10. Bf4 Ne7 11. Nbd2 Ng6 12. Bg3 Nd7 13. Re1 0-0 14. h4 Ne7 15. Bxh7+ Kxh7 16. Ng5+ Kg8 17. Qh5 Rd8 18. Qxf7+ Kh8 19. Qh5+ Kg8 20. Qh7+ Kf8 21. Nxe6+ 1-0

[Event "HUN-chT2 Barcza 0708"]
[Site "Hungary"]
[Date "2008.02.17"]
[Round "6"]
[White "Petro, Janos"]
[Black "Hunko, Gyorgy"]
[Result "0-1"]
[WhiteElo "2068"]
[BlackElo "2018"]
[PlyCount "142"]
[EventDate "2007.10.14"]
[EventType "team"]
[EventRounds "11"]
[EventCountry "HUN"]
[SourceTitle "EXT 2009"]
[Source "ChessBase"]
[SourceDate "2008.11.26"]
[SourceVersion "1"]
[SourceVersionDate "2008.11.26"]
[SourceQuality "1"]
[WhiteTeam "Edeleny"]
[BlackTeam "Mezokovesd"]
[WhiteTeamCountry "HUN"]
[BlackTeamCountry "HUN"]

1. e4 c5 2. Nc3 Nc6 3. f4 g6 4. Nf3 Bg7 5. Bc4 e6 6. f5 Nge7 7. 0-0 gxf5 8. d3 Na5 9. Bg5 f6 10. Be3 b6 11. Nh4 d5 12. Bb5+ Bd7 13. Qh5+ Kf8 14. exf5 e5 15. Bh6 Qe8 16. Bxg7+ Kxg7 17. Qg4+ Kf8 18. Bxd7 Qxd7 19. Qh5 Qe8 20. Qh6+ Kf7 21. Rf3 Rg8 22. Qxh7+ Rg7 23. Qh5+ Kf8 24. Qh6 Kf7 25. Ng6 Nac6 26. Nb5 Rd8 27. Qh5 Nxg6 28. fxg6+ Rxg6 29. Qh7+ Kf8 30. Nc7 Qf7 31. Ne6+ Ke7 32. Qxf7+ Kxf7 33. Nxd8+ Nxd8 34. a4 Nc6 35. Rh3 f5 36. Rh7+ Ke6 37. h4 f4 38. Kf2 e4 39. h5 Rf6 40. dxe4 dxe4 41. c3 Ne5 42. Rxa7 Nd3+ 43. Ke2 Nxb2 44. Rh1 f3+ 45. gxf3 exf3+ 46. Ke3 Nc4+ 47. Kf2 Ne5 48. Ra6 Kf5 49. h6 Kf4 50. Rh4+ Ng4+ 51. Rxg4+ Kxg4 52. h7 Rh6 53. Rxb6 Rxh7 54. Rg6+ Kf4 55. Rf6+ Ke4 56. Rxf3 Rh2+ 57. Kg3 Ra2 58. Rf4+ Kd3 59. Rf3+ Kc4 60. Kf4 Rxa4 61. Ke5 Ra8 62. Kd6 Kb5 63. Rf4 Rd8+ 64. Kc7 Rd3 65. c4+ Kb4 66. Kc6 Rd4 67. Rf5 Rxc4 68. Kb6 Rc1 69. Rh5 c4 70. Rb5+ Kc3 71. Kc5 Rh1 0-1

[Event "HUN-chT2 Barcza 0708"]
[Site "Hungary"]
[Date "2007.10.14"]
[Round "1"]
[White "Petro, Janos"]
[Black "Farkas, Lajos"]
[Result "1-0"]
[WhiteElo "2068"]
[BlackElo "2179"]
[PlyCount "43"]
[EventDate "2007.10.14"]
[EventType "team"]
[EventRounds "11"]
[EventCountry "HUN"]
[SourceTitle "EXT 2009"]
[Source "ChessBase"]
[SourceDate "2008.11.26"]
[SourceVersion "1"]
[SourceVersionDate "2008.11.26"]
[SourceQuality "1"]
[WhiteTeam "Edeleny"]
[BlackTeam "Debrecen Betu"]
[WhiteTeamCountry "HUN"]
[BlackTeamCountry "HUN"]

1. e4 e5 2. d4 exd4 3. Nf3 d6 4. Nxd4 Nf6 5. Nc3 Be7 6. Be2 0-0 7. Be3 a6 8. g4 d5 9. e5 Ne4 10. Nxe4 dxe4 11. Qd2 Nc6 12. Nxc6 Qxd2+ 13. Bxd2 bxc6 14. Ba5 Rb8 15. 0-0-0 Bb7 16. f4 Bc5 17. f5 Be3+ 18. Kb1 Bf4 19. Bc3 a5 20. Bc4 Rbe8 21. Rhf1 Bxh2 22. e6 1-0

[Event "HUN-chT2 Barcza 0607"]
[Site "Hungary"]
[Date "2007.03.25"]
[Round "7"]
[White "Petro, Janos"]
[Black "Farkas, Lajos"]
[Result "1/2-1/2"]
[WhiteElo "2092"]
[BlackElo "2159"]
[PlyCount "90"]
[EventDate "2006.11.12"]
[EventType "team"]
[EventRounds "11"]
[EventCountry "HUN"]
[SourceTitle "EXT 2008"]
[Source "ChessBase"]
[SourceDate "2007.11.25"]
[SourceVersion "1"]
[SourceVersionDate "2007.11.25"]
[SourceQuality "1"]
[WhiteTeam "Edeleny II"]
[BlackTeam "Debrecen Betu"]
[WhiteTeamCountry "HUN"]
[BlackTeamCountry "HUN"]

1. e4 c5 2. Nc3 d6 3. f4 a6 4. a4 Nc6 5. Nf3 g6 6. Bc4 Bg7 7. 0-0 e6 8. d3 Nge7 9. f5 exf5 10. exf5 0-0 11. fxg6 hxg6 12. Bg5 Qd7 13. Qd2 b6 14. Bh6 Bb7 15. Bxg7 Kxg7 16. Qg5 f6 17. Qf4 Ne5 18. Nxe5 dxe5 19. Qd2 Rad8 20. Rf2 Qd4 21. Re1 Nf5 22. b3 Rh8 23. Ne4 Rdf8 24. b4 Nd6 25. Nxd6 Qxd6 26. bxc5 Qxc5 27. Rb1 Rd8 28. Qb4 Qxb4 29. Rxb4 Rd6 30. Rf1 Rc8 31. Rfb1 Rcc6 32. Kf2 e4 33. Ke3 exd3 34. cxd3 a5 35. R4b2 Kf8 36. Rf1 Ke7 37. Rf4 Kf8 38. Rh4 Kg7 39. Re2 Rc5 40. Kf2 Re5 41. Rxe5 fxe5 42. Bb5 Rf6+ 43. Kg3 Rd6 44. Kf2 Rf6+ 45. Kg1 Bd5 1/2-1/2

[Event "HUN-chT2 Barcza 0607"]
[Site "Hungary"]
[Date "2006.11.12"]
[Round "1"]
[White "Hegedus, Rafael"]
[Black "Petro, Janos"]
[Result "0-1"]
[WhiteElo "2159"]
[BlackElo "2092"]
[PlyCount "84"]
[EventDate "2006.11.12"]
[EventType "team"]
[EventRounds "11"]
[EventCountry "HUN"]
[SourceTitle "EXT 2008"]
[Source "ChessBase"]
[SourceDate "2007.11.25"]
[SourceVersion "1"]
[SourceVersionDate "2007.11.25"]
[SourceQuality "1"]
[WhiteTeam "Mezokovesd"]
[BlackTeam "Edeleny II"]
[WhiteTeamCountry "HUN"]
[BlackTeamCountry "HUN"]

1. e4 d5 2. exd5 Nf6 3. Nc3 Nxd5 4. Nxd5 Qxd5 5. Qf3 Qc5 6. c3 e5 7. b4 Qe7 8. d3 g6 9. a4 Bg7 10. Ne2 0-0 11. Be3 Rd8 12. Rd1 Bd7 13. Bc5 Qe8 14. b5 c6 15. c4 Bf5 16. Ng3 e4 17. dxe4 Rxd1+ 18. Kxd1 Nd7 19. Bd6 Be6 20. Qa3 Ne5 21. Bxe5 Bxe5 22. Bd3 cxb5 23. axb5 a6 24. b6 Rd8 25. Ke2 Bxg3 26. Kf3 Bd6 27. Qb2 Qd7 28. Ke2 Qc6 29. Qf6 Rc8 30. e5 Bxc4 31. Qxd6 Qe4+ 32. Kd2 Bxd3 33. Qxd3 Qb4+ 34. Kd1 Qb2 35. Qd2 Qb1+ 36. Ke2 Qxh1 37. Qd7 Rc2+ 38. Kf3 Rc3+ 39. Ke2 Rc2+ 40. Kf3 Qxh2 41. e6 Qh5+ 42. Kg3 Qg5+ 0-1

[Event "HUN-chT2 Maroczy 0405"]
[Site "Hungary"]
[Date "2005.04.10"]
[Round "10"]
[White "Petro, Janos"]
[Black "Szabo, Balazs"]
[Result "0-1"]
[WhiteElo "2084"]
[BlackElo "2194"]
[PlyCount "144"]
[EventDate "2004.09.26"]
[EventType "team"]
[EventRounds "11"]
[EventCountry "HUN"]
[SourceTitle "EXT 2008"]
[Source "ChessBase"]
[SourceDate "2007.11.25"]
[SourceVersion "1"]
[SourceVersionDate "2007.11.25"]
[SourceQuality "1"]
[WhiteTeam "Edeleny"]
[BlackTeam "Vizugy"]
[WhiteTeamCountry "HUN"]
[BlackTeamCountry "HUN"]

1. Nf3 d5 2. g3 Nf6 3. Bg2 e6 4. c4 Be7 5. 0-0 0-0 6. d4 dxc4 7. Na3 c5 8. Nxc4 Nc6 9. e3 Qc7 10. Nce5 Nxe5 11. Nxe5 Rd8 12. Qc2 Bd7 13. b4 Bb5 14. Rd1 Bd6 15. a4 Be8 16. bxc5 Bxe5 17. dxe5 Rxd1+ 18. Qxd1 Qxe5 19. Qd4 Qc7 20. Bb2 Bc6 21. e4 Rd8 22. Qc4 Qd7 23. Bxf6 gxf6 24. e5 Bxg2 25. Kxg2 fxe5 26. Qg4+ Kf8 27. Qh4 Qd4 28. Qh6+ Ke8 29. Re1 Qd5+ 30. Kg1 Qd2 31. Qxd2 Rxd2 32. Rxe5 Rd5 33. Re4 Rxc5 34. Rh4 h5 35. Rb4 b6 36. Kg2 Ke7 37. g4 Kf6 38. gxh5 Rxh5 39. Rd4 Rd5 40. Rc4 Kg6 41. Rc7 Ra5 42. Rc4 f5 43. f4 e5 44. fxe5 Rxe5 45. Kf3 Kg5 46. Rb4 Rc5 47. Kg3 Rc3+ 48. Kg2 Ra3 49. Kf2 f4 50. Kg2 Kg4 51. Kf2 Ra2+ 52. Kg1 Kf3 53. Rb3+ Ke2 54. Kg2 Rxa4 55. h3 Re4 56. Rb2+ Kd3 57. Kf3 Rc4 58. h4 Kc3 59. Ra2 a5 60. h5 Kb3 61. Rf2 a4 62. h6 a3 63. h7 Rc8 64. Kxf4 a2 65. Rf3+ Ka4 66. Rf1 b5 67. Rh1 Rh8 68. Ke3 Ka3 69. Kd2 b4 70. Kc2 b3+ 71. Kd2 b2 72. Rh3+ Kb4 0-1

[Event "HUN-chT2 Maroczy 0405"]
[Site "Hungary"]
[Date "2005.02.20"]
[Round "8"]
[White "Braun, Marton"]
[Black "Petro, Janos"]
[Result "1-0"]
[WhiteElo "2220"]
[BlackElo "2084"]
[PlyCount "69"]
[EventDate "2004.09.26"]
[EventType "team"]
[EventRounds "11"]
[EventCountry "HUN"]
[SourceTitle "EXT 2008"]
[Source "ChessBase"]
[SourceDate "2007.11.25"]
[SourceVersion "1"]
[SourceVersionDate "2007.11.25"]
[SourceQuality "1"]
[WhiteTeam "Sarospatak"]
[BlackTeam "Edeleny"]
[WhiteTeamCountry "HUN"]
[BlackTeamCountry "HUN"]

1. d4 g6 2. c4 Bg7 3. e4 c5 4. d5 b5 5. cxb5 a6 6. b6 Qxb6 7. Nc3 d6 8. Nf3 Bg4 9. Be2 Bxf3 10. Bxf3 Nd7 11. 0-0 Ngf6 12. Kh1 0-0 13. Be2 Qb4 14. Qc2 c4 15. Bd2 Rfc8 16. f4 Rab8 17. Rab1 Qc5 18. Bf3 h5 19. h3 Ne8 20. e5 dxe5 21. f5 gxf5 22. Qxf5 Ndf6 23. Bxh5 Nd6 24. Qxe5 Nxh5 25. Qxh5 f6 26. Bh6 Qd4 27. Bxg7 Kxg7 28. Rbe1 Rb7 29. Rf3 Nf7 30. Re4 Qc5 31. Rg3+ Ng5 32. Rh4 Rxb2 33. Rxg5+ fxg5 34. Qxg5+ Kf7 35. Qf5+ 1-0

[Event "HUN-chT2 Maroczy 0304"]
[Site "Hungary"]
[Date "2004.01.25"]
[Round "6"]
[White "Petro, Janos"]
[Black "Kovacs, Laszlo"]
[Result "1-0"]
[WhiteElo "2072"]
[BlackElo "2069"]
[PlyCount "73"]
[EventDate "2003.09.28"]
[EventType "team"]
[EventRounds "11"]
[EventCountry "HUN"]
[SourceTitle "EXT 2005"]
[Source "ChessBase"]
[SourceDate "2004.11.15"]
[SourceVersion "1"]
[SourceVersionDate "2004.11.15"]
[SourceQuality "1"]

1. Nf3 c5 2. g3 Nc6 3. Bg2 e5 4. d3 g6 5. e4 Bg7 6. 0-0 Nge7 7. Nc3 0-0 8. Bg5 h6 9. Be3 d6 10. Nd2 f5 11. f4 Nd4 12. Nd5 Nxd5 13. exd5 exf4 14. gxf4 Nb5 15. c3 Nc7 16. Qb3 Kh7 17. Nf3 b5 18. Ne5 dxe5 19. d6 Qxd6 20. Bxa8 Nxa8 21. Qxb5 exf4 22. Bxc5 Qd5 23. c4 Bd4+ 24. Bxd4 Qxd4+ 25. Rf2 Nc7 26. Qc6 Rf7 27. Rd1 g5 28. Qf3 Re7 29. Kf1 Qe3 30. h4 Kg7 31. hxg5 hxg5 32. Qh5 Ne6 33. Rh2 Bb7 34. Qh8+ Kf7 35. Rh7+ Kg6 36. Rh6+ Kf7 37. Rf6# 1-0

[Event "HUN-chT2 Maroczy 0304"]
[Site "Hungary"]
[Date "2003.11.30"]
[Round "4"]
[White "Schubert, Gyula"]
[Black "Petro, Janos"]
[Result "1-0"]
[WhiteElo "2163"]
[BlackElo "2072"]
[PlyCount "67"]
[EventDate "2003.09.28"]
[EventType "team"]
[EventRounds "11"]
[EventCountry "HUN"]
[SourceTitle "EXT 2005"]
[Source "ChessBase"]
[SourceDate "2004.11.15"]
[SourceVersion "1"]
[SourceVersionDate "2004.11.15"]
[SourceQuality "1"]

1. e4 d5 2. exd5 Nf6 3. Bb5+ Bd7 4. Be2 Nxd5 5. d4 e6 6. Nf3 Bb4+ 7. c3 Be7 8. 0-0 0-0 9. c4 Nf6 10. Nc3 c5 11. Be3 cxd4 12. Nxd4 Nc6 13. Ndb5 a6 14. Nd6 Qc7 15. c5 Nb4 16. Rc1 Nbd5 17. Nxd5 Nxd5 18. Bd4 Bc6 19. Be5 f6 20. Bg3 Qd7 21. Bc4 f5 22. Be5 Bf6 23. Re1 Bxe5 24. Rxe5 Rf6 25. Qd4 b6 26. Bxd5 exd5 27. b4 bxc5 28. bxc5 Rg6 29. Rce1 f4 30. f3 Qh3 31. Qf2 d4 32. Kh1 Qh6 33. Nf5 Qg5 34. Ne7+ 1-0

[Event "HUN-chT2 Maroczy 0304"]
[Site "Hungary"]
[Date "2003.10.05"]
[Round "2"]
[White "Petro, Janos"]
[Black "Hidegh, Eszter"]
[Result "1-0"]
[WhiteElo "2072"]
[BlackElo "2181"]
[PlyCount "81"]
[EventDate "2003.09.28"]
[EventType "team"]
[EventRounds "11"]
[EventCountry "HUN"]
[SourceTitle "EXT 2005"]
[Source "ChessBase"]
[SourceDate "2004.11.15"]
[SourceVersion "1"]
[SourceVersionDate "2004.11.15"]
[SourceQuality "1"]

1. Nf3 c5 2. g3 Nc6 3. Bg2 g6 4. d4 cxd4 5. Nxd4 Bg7 6. Nxc6 bxc6 7. 0-0 Rb8 8. c3 Nf6 9. b3 d5 10. Bf4 Rb7 11. Be5 0-0 12. Qd4 c5 13. Qa4 e6 14. Nd2 Qe7 15. Rad1 Rd8 16. Rfe1 Bd7 17. Qh4 Bc6 18. c4 Rbd7 19. Nf3 d4 20. b4 cxb4 21. Rxd4 Rxd4 22. Nxd4 Bxg2 23. Kxg2 Rc8 24. Nb3 Qb7+ 25. f3 Nd7 26. Bxg7 Kxg7 27. c5 Qb5 28. c6 Ne5 29. Qd4 Kg8 30. c7 Nc6 31. Qd7 Qb7 32. Rc1 Rxc7 33. Qe8+ Kg7 34. Nc5 Qb5 35. Nd7 Qxe2+ 36. Kh3 g5 37. Qf8+ Kg6 38. Qd6 Qxf3 39. Qxc7 g4+ 40. Kh4 Qf2 41. Nf8+ 1-0

[Event "HUN-chT2 0102"]
[Site "Hungary"]
[Date "2001.12.02"]
[Round "4"]
[White "Posa, Norbert"]
[Black "Petro, Janos"]
[Result "0-1"]
[WhiteElo "2215"]
[BlackElo "2085"]
[PlyCount "78"]
[EventDate "2001.??.??"]
[EventType "team"]
[EventRounds "11"]
[EventCountry "HUN"]
[SourceTitle "EXT 2004"]
[Source "ChessBase"]
[SourceDate "2003.11.25"]
[SourceVersion "1"]
[SourceVersionDate "2003.11.25"]
[SourceQuality "1"]

1. d4 Nf6 2. Nc3 g6 3. e4 d6 4. Be2 Bg7 5. Be3 Nbd7 6. g4 h6 7. f4 e5 8. dxe5 dxe5 9. f5 gxf5 10. gxf5 b6 11. Nf3 Bb7 12. Rg1 Bf8 13. Bd3 Bb4 14. Nd2 Bxc3 15. bxc3 Qe7 16. a4 a5 17. Qe2 0-0-0 18. Ba6 Nc5 19. Bxb7+ Kxb7 20. Bf2 Rhg8 21. Rg3 Rxd2 22. Qxd2 Ncxe4 23. Qxh6 Nxg3 24. Bxg3 Qc5 25. 0-0-0 Qa3+ 26. Kb1 Rxg3 27. Qxf6 Rxc3 28. Qxe5 Qb4+ 29. Kc1 Rc5 30. Qd4 Qxd4 31. Rxd4 Rxf5 32. Kb2 Rh5 33. Rf4 f5 34. h4 c5 35. Kc3 Kc6 36. Kc4 Kd6 37. Kd3 Ke5 38. Ke3 Rh7 39. h5 Rxh5 0-1

[Event "HUN-chT2 0102"]
[Site "Hungary"]
[Date "2001.09.30"]
[Round "1"]
[White "Petro, Janos"]
[Black "Szoboszlai, Zita"]
[Result "1-0"]
[WhiteElo "2085"]
[BlackElo "2021"]
[PlyCount "63"]
[EventDate "2001.??.??"]
[EventType "team"]
[EventRounds "11"]
[EventCountry "HUN"]
[SourceTitle "EXT 2004"]
[Source "ChessBase"]
[SourceDate "2003.11.25"]
[SourceVersion "1"]
[SourceVersionDate "2003.11.25"]
[SourceQuality "1"]

1. Nf3 d6 2. g3 Bg4 3. Bg2 c6 4. d4 Nf6 5. c4 Nbd7 6. Qb3 Qc7 7. Nc3 e5 8. Be3 Be7 9. h3 Bxf3 10. exf3 0-0 11. 0-0 Nb6 12. d5 c5 13. Nb5 Qb8 14. f4 a6 15. Nc3 Nbd7 16. fxe5 Nxe5 17. f4 Ng6 18. a4 Re8 19. Rae1 Nd7 20. Qc2 Bf6 21. Ne4 b5 22. axb5 axb5 23. cxb5 Ra5 24. b4 Rxb5 25. bxc5 dxc5 26. Nxf6+ Nxf6 27. Bf2 Rd8 28. Qc4 Rd7 29. Rd1 Ne7 30. d6 Nf5 31. Bc6 Nxd6 32. Qc1 1-0

[Event "Cseppko op-A 10th"]
[Site "Aggtelek"]
[Date "2001.07.18"]
[Round "3"]
[White "Petro, Janos"]
[Black "Toth, Gyula"]
[Result "0-1"]
[WhiteElo "2085"]
[BlackElo "2169"]
[PlyCount "80"]
[EventDate "2001.07.16"]
[EventType "swiss"]
[EventRounds "9"]
[EventCountry "HUN"]
[SourceTitle "EXT 2004"]
[Source "ChessBase"]
[SourceDate "2003.11.25"]
[SourceVersion "1"]
[SourceVersionDate "2003.11.25"]
[SourceQuality "1"]

1. Nf3 d5 2. g3 c6 3. Bg2 Nf6 4. 0-0 Bg4 5. d3 e6 6. Nbd2 Nbd7 7. e4 Be7 8. e5 Nxe5 9. h3 Bxf3 10. Nxf3 Nxf3+ 11. Qxf3 0-0 12. a4 a5 13. c4 Re8 14. b3 Qb6 15. Rb1 dxc4 16. dxc4 Rad8 17. Be3 Qb4 18. Bf4 h6 19. Be5 Qc5 20. Qc3 Rd7 21. Rfe1 Red8 22. Re3 Qb6 23. Rf3 Ne4 24. Qa1 f6 25. Bf4 Bc5 26. Be3 Bxe3 27. Rxe3 Nxf2 28. Kxf2 Rd2+ 29. Kf3 Rxg2 30. Qc3 Rgd2 31. c5 Qc7 32. Qc4 R8d5 33. Rxe6 R2d3+ 34. Re3 Rxe3+ 35. Kxe3 Qxg3+ 36. Ke2 Qg2+ 37. Ke3 Qxh3+ 38. Ke2 Qg2+ 39. Ke3 Qd2+ 40. Ke4 f5+ 0-1

[Event "HUN-chT2 Maroczy 0001"]
[Site "Hungary"]
[Date "2001.04.22"]
[Round "11"]
[White "Petro, Janos"]
[Black "Lengyel, Laszlo"]
[Result "1-0"]
[WhiteElo "2061"]
[BlackElo "2185"]
[PlyCount "39"]
[EventDate "2000.11.26"]
[EventType "team"]
[EventRounds "11"]
[EventCountry "HUN"]
[SourceTitle "EXT 2007"]
[Source "ChessBase"]
[SourceDate "2006.11.23"]
[SourceVersion "1"]
[SourceVersionDate "2006.11.23"]
[SourceQuality "1"]
[WhiteTeam "Edeleny"]
[BlackTeam "Matra"]
[WhiteTeamCountry "HUN"]
[BlackTeamCountry "HUN"]

1. d4 e6 2. Nf3 c5 3. g3 cxd4 4. Nxd4 d5 5. Bg2 Nc6 6. 0-0 Qb6 7. Nb3 Nf6 8. Be3 Qc7 9. Nc3 a6 10. a4 Na5 11. Bf4 Qb6 12. Nxa5 Qxa5 13. e4 dxe4 14. Nxe4 Nxe4 15. Bxe4 Qb4 16. Qd3 h6 17. Be5 Qa5 18. Rfd1 f5 19. Bxb7 Kf7 20. Bc3 1-0

[Event "HUN-chT2 Maroczy 0001"]
[Site "Hungary"]
[Date "2001.03.25"]
[Round "9"]
[White "Kiss, Balazs"]
[Black "Petro, Janos"]
[Result "0-1"]
[WhiteElo "2138"]
[BlackElo "2061"]
[PlyCount "52"]
[EventDate "2000.11.26"]
[EventType "team"]
[EventRounds "11"]
[EventCountry "HUN"]
[SourceTitle "EXT 2007"]
[Source "ChessBase"]
[SourceDate "2006.11.23"]
[SourceVersion "1"]
[SourceVersionDate "2006.11.23"]
[SourceQuality "1"]
[WhiteTeam "Ujszasz"]
[BlackTeam "Edeleny"]
[WhiteTeamCountry "HUN"]
[BlackTeamCountry "HUN"]

1. e4 d5 2. exd5 Nf6 3. d4 Nxd5 4. Nf3 Bf5 5. c3 e6 6. Bd3 Bxd3 7. Qxd3 c6 8. Nbd2 Be7 9. Ne4 Nd7 10. 0-0 N7f6 11. Bg5 Nxe4 12. Bxe7 Nxf2 13. Rxf2 Qxe7 14. Ne5 f6 15. Nc4 0-0 16. Re1 Nc7 17. Rfe2 Qd7 18. Re4 c5 19. Rh4 g6 20. Qh3 cxd4 21. Rxd4 Qc6 22. Nd6 Rad8 23. Red1 Rd7 24. Kh1 Rfd8 25. Qd3 e5 26. Rg4 f5 0-1